University Home | Library Home | Institutional Repository

Testicular feminization : (Record no. 43397)

MARC details
000 -LEADER
fixed length control field 00786cam4a220024100 4500
001 - CONTROL NUMBER
control field qce01295739
005 - DATE AND TIME OF LATEST TRANSACTION
control field 20190813174103.0
008 - FIXED-LENGTH DATA ELEMENTS--GENERAL INFORMATION
fixed length control field 680703s1965 ilua 000 0 eng d
035 ## - SYSTEM CONTROL NUMBER
System control number (Sirsi) r24244
035 ## - SYSTEM CONTROL NUMBER
System control number (QCAT)lss04933079
035 ## - SYSTEM CONTROL NUMBER
System control number (UPRA)qce01295739
040 ## - CATALOGING SOURCE
Modifying agency UPRA
060 0# - NATIONAL LIBRARY OF MEDICINE CALL NUMBER
Classification number WJ 712
Item number S592t 1965
100 1# - MAIN ENTRY--PERSONAL NAME
Personal name Simmer, Hans H.
Linkage A86558.1
245 10 - TITLE STATEMENT
Title Testicular feminization :
Remainder of title endocrine function of feminizing testes comparison with normal testes, by Hans H. Simmer [et al.].
260 ## - PUBLICATION, DISTRIBUTION, ETC.
Place of publication, distribution, etc. Springfield, IL :
Name of publisher, distributor, etc. Thomas,
Date of publication, distribution, etc. [c1965]
504 ## - BIBLIOGRAPHY, ETC. NOTE
Bibliography, etc. note Bibliography: p. 75-100.
650 #2 - SUBJECT ADDED ENTRY--TOPICAL TERM
Topical term or geographic name entry element Hermaphroditism.
Linkage S62294.1
650 #2 - SUBJECT ADDED ENTRY--TOPICAL TERM
Topical term or geographic name entry element Testis.
Linkage S18612.1
650 #2 - SUBJECT ADDED ENTRY--TOPICAL TERM
Topical term or geographic name entry element Sex Hormones.
Linkage S2047.1
949 ## - LOCAL PROCESSING INFORMATION (OCLC)
a RC898
w LC
i -23805
m MEDICAL
t BOOK
l ON-SHELF
Holdings
Withdrawn status Lost status Source of classification or shelving scheme Damaged status Not for loan Home library Current library Shelving location Total Checkouts Full call number Barcode Date last seen Copy number Price effective from Koha item type
    Library of Congress Classification     Medical Library Medical Library On Shelf   RC898 -23805 08/13/2019 1 08/13/2019 Book
© 2026 - The University of Zambia Library - Koha v25.11